| 000 | 00506 a2200205 4500 | ||
|---|---|---|---|
| 005 | 20260204145406.0 | ||
| 008 | 260204b |||||||| |||| 00| 0 eng d | ||
| 020 |
_a9789349281578 _cRs. 2095.00 |
||
| 040 | _aMAIN | ||
| 082 |
_a346.048 _bV449I |
||
| 100 | _aVasu Kumar | ||
| 245 | _aIntellectual property rights | ||
| 260 |
_bYking Books _c2025 _aJaipur |
||
| 300 | _avi, 272 | ||
| 650 | _aLaw | ||
| 650 | _aPrivate Law | ||
| 650 | _aProperty Law | ||
| 650 | _aIntellectual Property | ||
| 942 | _cBK | ||
| 999 |
_c394531 _d394531 |
||